000 00493nam a22001697a 4500
005 20251108172129.0
008 250721s1996 xx 000 0 ara d
082 1 4 _aق/قعو
100 1 _aقعوار، فخري
_eمترجم
245 1 0 _aرجل و أمراة :
_bمجموعة قصصية مترجمة /
264 1 _aعمان :
_bدار جاد للنشر،
_c1996.
300 _a64ص
650 1 7 _aالقصص
650 1 7 _aالأدب المترجم
942 _2ddc
_cBK
999 _c71218
_d71218